German Hockey League (DEL - Deutsche Eishockey Liga) team names 15/16 - Statistics

General Stats
  • This quiz has been taken 274 times
  • The average score is 5 of 14
Answer Stats
Hint Answer % Correct
Eisbären Berlin
76%
Kölner Haie
71%
Adler Mannheim
62%
Dusseldorfer EG
44%
Iserlohn Roosters
43%
Krefeld Pinguine
38%
Straubing Tigers
33%
Augsburger Panther
31%
ERC Ingolstadt
31%
EHC RedBull München
26%
Hamburg Freezers
24%
Schwenninger Wild Wings
24%
Grizzlys Wolfsburg
19%
Thomas Sabo Ice Tigers
14%
No matching quizzes found
Score Distribution
Percent of People with Each Score
Percentile by Number Answered
Your Score History
You have not taken this quiz